[Event "Puerto La Cruz IV IRT FVA"]
[Site "Puerto La Cruz"]
[Date "2014.04.27"]
[Round "7.2"]
[White "Ibarra Padron, Joel"]
[Black "Arias Ruiz, Hector Jose"]
[Result "1-0"]
[WhiteElo "2158"]
[BlackElo "2008"]
[PlyCount "55"]
[EventDate "2014.04.25"]
[EventType "swiss"]
[EventRounds "7"]
[EventCountry "VEN"]
[SourceTitle "EXT 2022"]
[Source "ChessBase"]
[SourceDate "2021.10.06"]
[SourceVersion "1"]
[SourceVersionDate "2021.10.06"]
[SourceQuality "1"]

1. e4 e5 2. Nf3 Nc6 3. Bb5 a6 4. Ba4 Nf6 5. 0-0 d6 6. d3 Be7 7. c3 b5 8. Bc2 Na5 9. d4 Bg4 10. h3 Bxf3 11. Qxf3 c5 12. dxe5 dxe5 13. Nd2 Qc7 14. Re1 0-0 15. Nf1 g6 16. Bh6 Rfe8 17. Ne3 Qc6 18. b3 c4 19. b4 Nb7 20. a4 Nd6 21. Nd5 Nxd5 22. exd5 Qc7 23. Rxe5 Bf8 24. Rxe8 Rxe8 25. Bxf8 Kxf8 26. axb5 axb5 27. h4 h5 28. Bxg6 1-0

[Event "San Cristobal Bolivar op 1st"]
[Site "San Cristobal"]
[Date "2012.09.28"]
[Round "7"]
[White "Ibarra Padron, Joel"]
[Black "Rojas Moros, Cesar"]
[Result "1/2-1/2"]
[WhiteElo "2164"]
[BlackElo "1981"]
[PlyCount "57"]
[EventDate "2012.09.25"]
[EventType "swiss"]
[EventRounds "10"]
[EventCountry "VEN"]
[SourceTitle "EXT 2013"]
[Source "ChessBase"]
[SourceDate "2012.11.22"]
[SourceVersion "1"]
[SourceVersionDate "2012.11.22"]
[SourceQuality "1"]

1. e4 c5 2. Ne2 d6 3. g3 Nf6 4. Bg2 e6 5. c3 Be7 6. 0-0 0-0 7. d4 Nbd7 8. h3 Qc7 9. Be3 Rb8 10. Nd2 b6 11. g4 Rd8 12. Ng3 Bb7 13. g5 Ne8 14. f4 d5 15. e5 g6 16. Nf3 Ng7 17. h4 Nf5 18. Nxf5 exf5 19. h5 Nf8 20. Rf2 Ne6 21. Bf1 c4 22. Rh2 Bf8 23. Qe1 Bg7 24. Qh4 Nf8 25. h6 Bh8 26. Qe1 Bc6 27. b3 b5 28. Rb2 Ne6 29. Bg2 1/2-1/2